000 00498nam a2200181Ia 4500
001 20588
005 20260306172817.0
008 260306t2015||||xx |||||||||||||| ||spa||
041 _aESP
082 _a343.4
_bR84
100 _aRosas Alcántara, Joel
_eAUT
245 0 _aLa nulidad del proceso penal por el hábes corpus en la jurisprudencia del tribunal constitucional
260 _c2015
300 _a446 páginas :
_c25 cm.
650 _aGEN
654 _aCDE
942 _cLIB
_dJUS
_fJUS
_2ddc
_n
999 _c20588
_d20588